Biomimetic apatites (notice n° 1896413)
[ vue normale ]
| 000 -LEADER | |
|---|---|
| fixed length control field | 00633cam a2200205 4500500 |
| 005 - DATE AND TIME OF LATEST TRANSACTION | |
| control field | 20260329015304.0 |
| 041 ## - LANGUAGE CODE | |
| Language code of text/sound track or separate title | fre |
| 042 ## - AUTHENTICATION CODE | |
| Authentication code | dc |
| 100 10 - MAIN ENTRY--PERSONAL NAME | |
| Personal name | Drouet, Christophe |
| Relator term | author |
| 245 00 - TITLE STATEMENT | |
| Title | Biomimetic apatites |
| 260 ## - PUBLICATION, DISTRIBUTION, ETC. | |
| Date of publication, distribution, etc. | 2026.<br/> |
| 500 ## - GENERAL NOTE | |
| General note | 3 |
| 700 10 - ADDED ENTRY--PERSONAL NAME | |
| Personal name | Grossin, David |
| Relator term | author |
| 700 10 - ADDED ENTRY--PERSONAL NAME | |
| Personal name | Combes, Christèle |
| Relator term | author |
| 700 10 - ADDED ENTRY--PERSONAL NAME | |
| Personal name | Sarda, Stéphanie |
| Relator term | author |
| 700 10 - ADDED ENTRY--PERSONAL NAME | |
| Personal name | Cazalbou, Sophie |
| Relator term | author |
| 700 10 - ADDED ENTRY--PERSONAL NAME | |
| Personal name | Rey, Christian |
| Relator term | author |
| 786 0# - DATA SOURCE ENTRY | |
| Note | Healthcare technologies | - | 2026-03-05 | p. 3-3 |
| 856 41 - ELECTRONIC LOCATION AND ACCESS | |
| Uniform Resource Identifier | <a href="https://stm.cairn.info/biomaterials--bdti42606210-in227-page-3?lang=en&redirect-ssocas=7080">https://stm.cairn.info/biomaterials--bdti42606210-in227-page-3?lang=en&redirect-ssocas=7080</a> |
Pas d'exemplaire disponible.




Réseaux sociaux